00519nam a22001697a 450000500170000001000150001702000260003203500140005803700140007208200120008610000140009824500570011226000570016927000590022630000200028550000440030520180828150937.0 aENG-123856 a9788183690317c850.00 aEN-107388 bDBAD/PUB. a301.153 aRaj Kumar aGandhian ideals and asian resurgence /cby Raj Kumar aNew DelhibLife Span Publishers & Distributorsc2011 a215, Nilgiri Apartments, Alaknanda,bNew Delhie110019v a276p.c22cm(Hb) aIt includes chronology and bibliography